Normal view
MARC view
- ENGINEERING MATHEMATICS MECHANICAL ENGINEERING MATHEMATICAL ANALYSIS
Entry Topical Term
001 - CONTROL NUMBER
- control field: 59767
003 - CONTROL NUMBER IDENTIFIER
- control field: NUST
005 - DATE AND TIME OF LATEST TRANSACTION
- control field: 20210628202411.0
008 - FIXED-LENGTH DATA ELEMENTS
- fixed length control field: 210628|| aca||aabn | a|a d
040 ## - CATALOGING SOURCE
- Original cataloging agency: NUST
- Transcribing agency: NUST
150 ## - HEADING--TOPICAL TERM
- Topical term or geographic name entry element: ENGINEERING MATHEMATICS MECHANICAL ENGINEERING MATHEMATICAL ANALYSIS
670 ## - SOURCE DATA FOUND
- Source citation: Work cat.: (NUST): Brewer, John. W 59766, Engineering analysis in applied mechanics, 2001
